Most Dangerous Countries - Statistics

General Stats
  • This quiz has been taken 72 times
  • The average score is 7 of 10
Answer Stats
Answer % Correct
Afghanistan
94%
Syria
89%
Iraq
86%
Yemen
75%
Somalia
71%
Democratic Republic of the Congo
65%
South Sudan
62%
Ukraine
60%
Libya
58%
Central African Republic
46%
No matching quizzes found
Score Distribution
Percent of People with Each Score
Percentile by Number Answered
Your Score History
You have not taken this quiz